Southville International School and Colleges
Your cart is empty.
  • Cart
  • Lists
    Public lists Eva Luna New books Lux_list list_1
    Your lists Log in to create your own lists
  • Log in to your account
  • Your cookies
  • Search history
Southville International School and Colleges
  • Advanced search
  • Recent comments
  • Most popular
  • Libraries

Log in to your account

Log in with GOOGLE


If you do not have an external account, but do have a local account, you can still log in:

  1. Home
  2. MARC view: Business writing /
Normal view MARC view ISBD view

Business writing / (Record no. 357239)

[ view plain ]
MARC details
000 -LEADER
fixed length control field 00748nam a2200265Ia 4500
008 - FIXED-LENGTH DATA ELEMENTS--GENERAL INFORMATION
fixed length control field 180523s9999 xx 000 0 und d
020 ## - INTERNATIONAL STANDARD BOOK NUMBER
International Standard Book Number 971-08-1161-4
050 ## - LIBRARY OF CONGRESS CALL NUMBER
Classification number MAIN HF 5726
050 ## - LIBRARY OF CONGRESS CALL NUMBER
Item number .J36 1970 c.2
100 ## - MAIN ENTRY--PERSONAL NAME
Personal name Janis, Harold J.
245 #0 - TITLE STATEMENT
Title Business writing /
245 #0 - TITLE STATEMENT
Statement of responsibility, etc Harold J. Janis, Edward J. Kilduff, Howard R. Dressner.
260 ## - PUBLICATION, DISTRIBUTION, ETC. (IMPRINT)
Place of publication, distribution, etc Mandaluyong:
260 ## - PUBLICATION, DISTRIBUTION, ETC. (IMPRINT)
Name of publisher, distributor, etc National Book Store,
260 ## - PUBLICATION, DISTRIBUTION, ETC. (IMPRINT)
Date of publication, distribution, etc 1970
300 ## - PHYSICAL DESCRIPTION
Extent 330 pages :
300 ## - PHYSICAL DESCRIPTION
Other physical details illustrations ;
300 ## - PHYSICAL DESCRIPTION
Dimensions 21 cm.
440 ## - SERIES STATEMENT/ADDED ENTRY--TITLE
Title Barnes & Nobles College Outline Series.
500 ## - GENERAL NOTE
General note Includes index.
650 ## - SUBJECT ADDED ENTRY--TOPICAL TERM
Topical term or geographic name as entry element Business communication.
650 ## - SUBJECT ADDED ENTRY--TOPICAL TERM
Topical term or geographic name as entry element Commercial correspondence.
650 ## - SUBJECT ADDED ENTRY--TOPICAL TERM
General subdivision Business writing.
650 ## - SUBJECT ADDED ENTRY--TOPICAL TERM
General subdivision Business writing.

No items available.

Business writing /

APA

Janis H. J., .Business writing. Mandaluyong: .

Chicago

Janis Harold J, .Business writing. Mandaluyong: .

Harvard

Janis H. J., .Business writing. Mandaluyong: .

MLA

Janis Harold J, .Mandaluyong: . .

  • Print
  • Cite
  • Add to your cart (remove)
  • Save record
    BIBTEX Dublin Core MARCXML MARC (non-Unicode/MARC-8) MARC (Unicode/UTF-8) MARC (Unicode/UTF-8, Standard) MODS (XML) RIS
  • More searches
    Search for this title in:
    Other Libraries (WorldCat) Other Databases (Google Scholar) Online Stores (Bookfinder.com) Open Library (openlibrary.org)

Exporting to Dublin Core...

SOUTHVILLE LIBRARY

Southville International School and Colleges Library

1281 Tropical Ave. Cor. Luxembourg St., BF Homes International, Las Pinas City

Tel. No. 8256374 / 252358 Loc. 117/146

Powered by Koha